Countries with Most Japanese - Statistics

General Stats
  • This quiz has been taken 204 times
  • The average score is 16 of 20
Answer Stats
Population Answer % Correct
1,469,637 United States
99%
127,282 China
97%
58,169 South Korea
95%
109,740 Canada
93%
63,011 United Kingdom
93%
54,830 Australia
92%
30,947 France
90%
1,600,000 Brazil
89%
70,000 Germany
87%
14,720 Indonesia
85%
35,000 Mexico
81%
22,000 Malaysia
77%
14,118 New Zealand
76%
65,000 Argentina
75%
72,754 Thailand
75%
200,000 Philippines
74%
27,525 Singapore
69%
103,949 Peru
67%
14,000 Bolivia
33%
20,000 Federated States of Micronesia
6%
No matching quizzes found
Score Distribution
Percent of People with Each Score
Percentile by Number Answered
Your Score History
You have not taken this quiz